Personnages de fiction en images - K - Statistiques

Statistiques générales
  • Ce quiz a été pris 54 530 fois
  • Le résultat moyen est 12 sur 20
Statistiques - réponses
Par images Réponse % Correct
Ken
98%
Kirikou
98%
King Kong
91%
Kirby
74%
Kraken
68%
Kevin McCallister
63%
Kim Possible
60%
Krokmou
59%
Katniss Everdeen
58%
Kid Paddle
58%
Krusty le Clown
58%
Kuzco
57%
Kermit
54%
Kiki
52%
Kaa
49%
Kylo Ren
49%
Kristoff
47%
Kadabra
40%
Knuckles
39%
Kyle Broflovski
33%
Aucun quiz correspondant
Distribution des résultats
% des personnes avec chaque résultat
Percentile par nombre de réponses
Votre historique - résultats
Vous n’avez pas pris ce quiz